Southville International School and Colleges
Your cart is empty.
  • Cart
  • Lists
    Public lists Eva Luna New books Lux_list list_1
    Your lists Log in to create your own lists
  • Log in to your account
  • Your cookies
  • Search history
Southville International School and Colleges
  • Advanced search
  • Recent comments
  • Most popular
  • Libraries

Log in to your account

Log in with GOOGLE


If you do not have an external account, but do have a local account, you can still log in:

  1. Home
  2. MARC view: General chemistry /
Normal view MARC view ISBD view

General chemistry / (Record no. 283727)

[ view plain ]
MARC details
000 -LEADER
fixed length control field 01296cam a2200349 a 4500
001 - CONTROL NUMBER
control field 16888286
003 - CONTROL NUMBER IDENTIFIER
control field PILC
005 - DATE AND TIME OF LATEST TRANSACTION
control field 20150305094841.0
008 - FIXED-LENGTH DATA ELEMENTS--GENERAL INFORMATION
fixed length control field 110725s2013 caua 001 0 eng
010 ## - LIBRARY OF CONGRESS CONTROL NUMBER
LC control number 2011935080
020 ## - INTERNATIONAL STANDARD BOOK NUMBER
International Standard Book Number 9781111580872
020 ## - INTERNATIONAL STANDARD BOOK NUMBER
International Standard Book Number 1111580871
020 ## - INTERNATIONAL STANDARD BOOK NUMBER
International Standard Book Number 9781111989491
040 ## - CATALOGING SOURCE
Original cataloging agency DLC
Transcribing agency DLC
Modifying agency DLC
042 ## - AUTHENTICATION CODE
Authentication code pcc
050 00 - LIBRARY OF CONGRESS CALL NUMBER
Classification number QD 31.3
Item number .Eb22 2013
100 1# - MAIN ENTRY--PERSONAL NAME
Personal name Ebbing, Darrell D.
245 10 - TITLE STATEMENT
Title General chemistry /
Statement of responsibility, etc Darrell D. Ebbing, Steven D. Gammon.
250 ## - EDITION STATEMENT
Edition statement 10th ed.
260 ## - PUBLICATION, DISTRIBUTION, ETC. (IMPRINT)
Place of publication, distribution, etc Belmont, CA :
Name of publisher, distributor, etc Brooks/Cole, Cengage Learning,
Date of publication, distribution, etc c2013.
300 ## - PHYSICAL DESCRIPTION
Extent xxviii, 1039, 83 pages :
Other physical details colored illustrations ;
Dimensions 29 cm.
500 ## - GENERAL NOTE
General note Includes index.
521 ## - TARGET AUDIENCE NOTE
Target audience note General Education
650 #0 - SUBJECT ADDED ENTRY--TOPICAL TERM
Topical term or geographic name as entry element Chemistry
Form subdivision Textbooks.
700 1# - ADDED ENTRY--PERSONAL NAME
Personal name Gammon, Steven D.
856 42 - ELECTRONIC LOCATION AND ACCESS
Materials specified Contributor biographical information
Uniform Resource Identifier <a href="http://www.loc.gov/catdir/enhancements/fy1303/2011935080-b.html">http://www.loc.gov/catdir/enhancements/fy1303/2011935080-b.html</a>
856 42 - ELECTRONIC LOCATION AND ACCESS
Materials specified Publisher description
Uniform Resource Identifier <a href="http://www.loc.gov/catdir/enhancements/fy1303/2011935080-d.html">http://www.loc.gov/catdir/enhancements/fy1303/2011935080-d.html</a>
856 41 - ELECTRONIC LOCATION AND ACCESS
Materials specified Table of contents only
Uniform Resource Identifier <a href="http://www.loc.gov/catdir/enhancements/fy1303/2011935080-t.html">http://www.loc.gov/catdir/enhancements/fy1303/2011935080-t.html</a>
906 ## - LOCAL DATA ELEMENT F, LDF (RLIN)
a 7
b cbc
c orignew
d 3
e epcn
f 20
g y-gencatlg
942 ## - ADDED ENTRY ELEMENTS (KOHA)
Source of classification or shelving scheme Library of Congress Classification
Koha item type Books
Holdings
Withdrawn status Lost status Source of classification or shelving scheme Damaged status Home library Current library Shelving location Date acquired Source of acquisition Sub Shelving location Total Checkouts Total Renewals Full call number Barcode Date last seen Date checked out Price effective from Koha item type
    Library of Congress Classification   College Library College Library Reserve Section 03/05/2015 Library Fund   1 13 QD 31.3 .Eb22 2013 C19161 05/15/2018 12/14/2015 03/05/2015 Books

General chemistry /

APA

Ebbing D. D., Gammon S. D., . (2013). General chemistry. Belmont, CA: Brooks/Cole, Cengage Learning.

Chicago

Ebbing Darrell D, Gammon Steven D, . 2013. General chemistry. Belmont, CA: Brooks/Cole, Cengage Learning.

Harvard

Ebbing D. D., Gammon S. D., . (2013). General chemistry. Belmont, CA: Brooks/Cole, Cengage Learning.

MLA

Ebbing Darrell D, Gammon Steven D, . General chemistry. Belmont, CA: Brooks/Cole, Cengage Learning. 2013.

  • Place hold
  • Print
  • Cite
  • Add to your cart (remove)
  • Save record
    BIBTEX Dublin Core MARCXML MARC (non-Unicode/MARC-8) MARC (Unicode/UTF-8) MARC (Unicode/UTF-8, Standard) MODS (XML) RIS
  • More searches
    Search for this title in:
    Other Libraries (WorldCat) Other Databases (Google Scholar) Online Stores (Bookfinder.com) Open Library (openlibrary.org)

Exporting to Dublin Core...

SOUTHVILLE LIBRARY

Southville International School and Colleges Library

1281 Tropical Ave. Cor. Luxembourg St., BF Homes International, Las Pinas City

Tel. No. 8256374 / 252358 Loc. 117/146

Powered by Koha